Economía de empresas
Furkejuvvon:
| Váldodahkkit: | , |
|---|---|
| Materiálatiipa: | Girji |
| Giella: | espánnjágiella |
| Almmustuhtton: |
Buenos Aires
Librería El Ateneo
1973
|
| Fáttát: | |
| Fáddágilkorat: |
Lasit fáddágilkoriid
Eai fáddágilkorat, Lasit vuosttaš fáddágilkora!
|
MARC
| LEADER | 00000nam a2200000 a 4500 | ||
|---|---|---|---|
| 001 | UCR3267 | ||
| 003 | CL-VaPUC | ||
| 008 | 980124e19730718AG |||||||||||||||||spa|d | ||
| 082 | 0 | 4 | |a 338.5 |b COH |2 21 |
| 100 | 0 | |a Cohen, Kalman J |e author |9 402217 | |
| 700 | 0 | |a Cyert, Richard M |e author |9 402218 | |
| 245 | 1 | 0 | |a Economía de empresas |
| 300 | |a 407 p | ||
| 942 | |c BK | ||
| 945 | |d 19980124 00:00:00 |a crobeson | ||
| 260 | |a Buenos Aires |b Librería El Ateneo |c 1973 | ||
| 650 | 0 | |a Microeconomía |9 258126 | |
| 650 | 0 | |a Administración de empresas |9 260833 | |
| 650 | 0 | |a Empresas |9 255569 | |
| 650 | 0 | |a Modelos económicos |9 324997 | |
| 650 | 0 | |a Mercados |9 338624 | |
| 650 | 0 | |a Mercado financiero |9 334172 | |
| 583 | |a last modification |c 19980124 00:00:00 |k Rodrigo Vera | ||
| 999 | |c 266362 |d 266360 | ||
| 952 | |0 0 |1 0 |4 0 |6 338_500000000000000_COH_1973 |7 0 |8 A |9 297890 |a BIBENE |b BIBENE |d 2019-11-20 |i 1936263 |o 338.5 COH 1973 |p 1936263 |r 2025-01-15 |w 2019-11-20 |y BK |k ICO | ||
| 952 | |0 0 |1 0 |4 0 |6 338_500000000000000_COH_1973 |7 0 |8 A |9 297891 |a BIBENE |b BIBENE |d 2019-11-20 |i 193631K |o 338.5 COH 1973 |p 193631K |r 2025-01-15 |w 2019-11-20 |y BK |k ICO | ||